|
|
|
|
| LEADER |
00000caa a22000002c 4500 |
| 001 |
191257263X |
| 003 |
DE-627 |
| 005 |
20250126055011.0 |
| 007 |
cr uuu---uuuuu |
| 008 |
241217s2000 xx |||||o 00| ||eng c |
| 035 |
|
|
|a (DE-627)191257263X
|
| 035 |
|
|
|a (DE-599)KXP191257263X
|
| 040 |
|
|
|a DE-627
|b ger
|c DE-627
|e rda
|
| 041 |
|
|
|a eng
|
| 084 |
|
|
|a 2,1
|2 ssgn
|
| 100 |
1 |
|
|a Chu, Rebekah
|e VerfasserIn
|4 aut
|
| 245 |
1 |
0 |
|a Herding and Homicide: An Examination of the Nisbett-Reaves Hypothesis
|
| 264 |
|
1 |
|c 2000
|
| 336 |
|
|
|a Text
|b txt
|2 rdacontent
|
| 337 |
|
|
|a Computermedien
|b c
|2 rdamedia
|
| 338 |
|
|
|a Online-Ressource
|b cr
|2 rdacarrier
|
| 700 |
1 |
|
|a Loftin, Colin
|e VerfasserIn
|0 (DE-588)170163628
|0 (DE-627)060209941
|0 (DE-576)131069985
|4 aut
|
| 700 |
1 |
|
|a Rivera, Craig
|e VerfasserIn
|4 aut
|
| 773 |
0 |
8 |
|i Enthalten in
|t Social forces
|d Oxford : Oxford Univ. Press, 1925
|g 78(2000), 3, Seite 971-987
|h Online-Ressource
|w (DE-627)330382675
|w (DE-600)2049434-8
|w (DE-576)103115706
|x 1534-7605
|7 nnas
|
| 773 |
1 |
8 |
|g volume:78
|g year:2000
|g number:3
|g pages:971-987
|
| 787 |
0 |
8 |
|i Forschungsdaten
|a United States. Bureau of the Census
|t County Population Estimates (Experimental) by Age, Sex, and Race: 1980-1985
|d [Erscheinungsort nicht ermittelbar] : [Verlag nicht ermittelbar], 1990
|w (DE-627)1902800257
|
| 787 |
0 |
8 |
|i Forschungsdaten
|a United States. Bureau of the Census
|t Census of Population and Housing, 1980 (United States): County Population by Age, Sex, Race, and Spanish Origin
|d [Erscheinungsort nicht ermittelbar] : [Verlag nicht ermittelbar], 1984
|w (DE-627)190279916X
|
| 787 |
0 |
8 |
|i Forschungsdaten
|a United States Department of Health and Human Services. Centers for Disease Control and Prevention. National Center for Health Statistics
|t Mortality Detail Files, 1968-1991
|d [Erscheinungsort nicht ermittelbar] : [Verlag nicht ermittelbar], 1984
|w (DE-627)1840053437
|
| 787 |
0 |
8 |
|i Forschungsdaten
|a Fox, James Alan
|t Uniform Crime Reports (United States): Supplementary Homicide Reports, 1976-1994
|d [Erscheinungsort nicht ermittelbar] : [Verlag nicht ermittelbar], 1996
|w (DE-627)1840062150
|
| 787 |
0 |
8 |
|i Forschungsdaten
|a Adams, Terry K.
|t Census of Population and Housing, 1980 [United States]: Extract Data
|
| 856 |
4 |
0 |
|u http://www.jstor.org/stable/3005938
|x Verlag
|z lizenzpflichtig
|3 Volltext
|7 1
|
| 935 |
|
|
|a mkri
|
| 951 |
|
|
|a AR
|
| ELC |
|
|
|a 1
|
| LOK |
|
|
|0 000 xxxxxcx a22 zn 4500
|
| LOK |
|
|
|0 001 4637538130
|
| LOK |
|
|
|0 003 DE-627
|
| LOK |
|
|
|0 004 191257263X
|
| LOK |
|
|
|0 005 20241217044530
|
| LOK |
|
|
|0 008 241217||||||||||||||||ger|||||||
|
| LOK |
|
|
|0 035
|a (DE-2619)ICPSR6401
|
| LOK |
|
|
|0 040
|a DE-2619
|c DE-627
|d DE-2619
|
| LOK |
|
|
|0 092
|o n
|
| LOK |
|
|
|0 852
|a DE-2619
|
| LOK |
|
|
|0 852 1
|9 00
|
| LOK |
|
|
|0 935
|a nacp
|
| LOK |
|
|
|0 939
|a 17-12-24
|b l01
|
| ORI |
|
|
|a SA-MARC-krimdoka001.raw
|